000 00567 a2200205 4500
005 20240527114958.0
010 _aB-759190
020 _a9789354716195
_c295.00
035 _aB-759190
037 _bGift
082 _aS
100 _aBatra, Vibha
_966910
245 _aGobi Goes Viral/
_bVibha Batra
260 _aGurgaon
_bScholastic India Pvt. Ltd.
_c2023
270 _aA-27 Ground Floor Sigma Centre Infocity-1 Sector-34
_bGurgaon
300 _a112 p.
_c19 cm(Pb)
700 _966848
942 _adpl
_cCH
_2ddc
_hS
_mBAT
999 _c203264
_d203264